Berlín: la difícil prueba de la coexistencia
Zapisane w:
| 1. autor: | |
|---|---|
| Format: | Książka |
| Język: | hiszpański |
| Wydane: |
Ciudad de México
Libreros Mexicanos Unidos
1965
|
| Hasła przedmiotowe: | |
| Etykiety: |
Dodaj etykietę
Nie ma etykietki, Dołącz pierwszą etykiete!
|
MARC
| LEADER | 00000nam a2200000 a 4500 | ||
|---|---|---|---|
| 001 | UCT8649 | ||
| 003 | CL-VaPUC | ||
| 008 | 970326e19650000MX |||||||||||||||||spa|d | ||
| 082 | 0 | 4 | |a 327.17 |b BRA |2 21 |
| 100 | 0 | |a Brandt, Willy |e author |9 380517 | |
| 245 | 1 | 0 | |a Berlín: la difícil prueba de la coexistencia |
| 300 | |a 158 p | ||
| 942 | |c BK | ||
| 945 | |d 19970326 00:00:00 |a paguirre | ||
| 260 | |a Ciudad de México |b Libreros Mexicanos Unidos |c 1965 | ||
| 650 | 7 | |a COEXISTENCIA PACIFICA |2 CL-VaPUC |9 338675 | |
| 650 | 0 | |a Cooperación internacional |9 255447 | |
| 650 | 0 | |a Guerra Fría |9 319648 | |
| 650 | 0 | |a Relaciones Internacionales |9 255740 | |
| 650 | 0 | |a Paz |9 259242 | |
| 650 | 0 | |a Comunismo |9 255588 | |
| 651 | 0 | |a Alemania |9 255688 | |
| 651 | 0 | |a Berlin |9 327780 | |
| 583 | |a last modification |c 19970326 00:00:00 |k Rodrigo Vera | ||
| 999 | |c 257136 |d 257134 | ||
| 952 | |0 0 |1 0 |4 0 |6 327_170000000000000_BRA_1965 |7 0 |8 A |9 280394 |a BIBDER |b BIBDER |d 2019-11-19 |i 1815032 |o 327.17 BRA 1965 |p 1815032 |r 2023-01-25 |w 2019-11-19 |y BK |k DER | ||